|
|
|
|
| LEADER |
00000nas a2200000 i 4500 |
| 001 |
ssj0001072185 |
| 003 |
WaSeSS |
| 005 |
20200512172242.0 |
| 006 |
m d |
| 007 |
cr n |
| 008 |
131214c20uu9999gw t| p|s|||||| |0eng d |
| 035 |
|
|
|a (WaSeSS)ssj0001072185
|
| 040 |
|
|
|a WaSeSS
|b eng
|c WaSeSS
|d WaSeSS
|
| 050 |
1 |
4 |
|a GV561
|
| 245 |
0 |
0 |
|a EJSS. European journal for sport and society
|h [electronic resource].
|
| 260 |
|
|
|a Münster, Germany :
|b Waxmann Verlag GmbH
|
| 310 |
|
|
|a Three times a year
|
| 506 |
|
|
|a License restrictions may limit access.
|
| 588 |
|
|
|a Description based on: Volume 8 (4) (2011); title from title screen (ProQuest, viewed Dec. 14, 2013).
|
| 588 |
|
|
|a Latest issue consulted: Volume 10 (3) (2013) (viewed Dec. 13, 2013).
|
| 650 |
|
0 |
|a Sports
|v Periodicals.
|
| 650 |
|
0 |
|a Sports
|x Social aspects
|v Periodicals.
|
| 655 |
|
0 |
|a Electronic journals.
|
| 776 |
0 |
8 |
|i Print version:
|t EJSS. European journal for sport and society
|x 1613-8171
|
| 856 |
4 |
0 |
|z Full text available from Research Library: 10/01/2011 to 10/31/2015
|u https://search.proquest.com/publication/1066350
|